00540nam a22001697a 450000500170000001000190001702000340003602000330007003500180010303700130012108200060013410000220014024500760016226000390023827000530027730000400033020170908110845.0 aENG-119520-521 c170.00a9789381622486 (vol-1) c170.00a9789381522493(vol-2) aEN-103052-053 bDBAD/PUB aN aJerome K. Jerome  aThree men in a Boat :cby Jerome K. Jerome bto say nothig of the dog / aDelhibKalra Publicationsc2010-11 a2619-20/3, New Market, Nai Sarak,bDelhie110006 a2 vol-(x,148p. ; x,132p.)c23cm(Hb)